[Event "PUR-ch"]
[Site "San Juan"]
[Date "2023.08.27"]
[Round "5"]
[White "Mejias Nunez, Rafael E"]
[Black "Sosa Trani, Luis"]
[Result "1-0"]
[WhiteElo "2013"]
[BlackElo "1943"]
[PlyCount "55"]
[EventDate "2023.08.25"]
[EventType "swiss"]
[EventRounds "9"]
[EventCountry "PUR"]
[SourceTitle "EXT 2024"]
[Source "ChessBase"]
[SourceDate "2023.10.10"]
[SourceVersion "1"]
[SourceVersionDate "2023.10.10"]
[SourceQuality "1"]

1. e4 c5 2. Nf3 Nc6 3. d4 cxd4 4. Nxd4 g6 5. c4 Nf6 6. Nc3 d6 7. Be2 Nxd4 8. Qxd4 Bg7 9. Be3 0-0 10. Qd2 Be6 11. 0-0 Qa5 12. Rab1 Rfc8 13. b3 a6 14. Rfc1 b5 15. b4 Qd8 16. cxb5 axb5 17. Bxb5 Ng4 18. Bd4 Bxd4 19. Qxd4 Bxa2 20. Ra1 e5 21. Qd2 Be6 22. Rxa8 Rxa8 23. Bc6 Ra3 24. h3 Nf6 25. Nb5 Rb3 26. Nxd6 Nh5 27. Ra1 Kg7 28. Nf5+ 1-0

[Event "PUR-ch"]
[Site "San Juan"]
[Date "2023.08.26"]
[Round "3"]
[White "Richie Guillen, Ciara Bernadette"]
[Black "Sosa Trani, Luis"]
[Result "0-1"]
[WhiteElo "1432"]
[BlackElo "1943"]
[PlyCount "68"]
[EventDate "2023.08.25"]
[EventType "swiss"]
[EventRounds "9"]
[EventCountry "PUR"]
[SourceTitle "EXT 2024"]
[Source "ChessBase"]
[SourceDate "2023.10.10"]
[SourceVersion "1"]
[SourceVersionDate "2023.10.10"]
[SourceQuality "1"]

1. d4 Nf6 2. c4 c5 3. d5 b5 4. b3 g6 5. Bb2 Bg7 6. Nf3 0-0 7. Nbd2 e6 8. e4 exd5 9. cxd5 Re8 10. Bxf6 Qxf6 11. Rc1 Qb6 12. Bd3 d6 13. 0-0 Bg4 14. Qc2 Nd7 15. h3 Bxf3 16. Nxf3 Rac8 17. Qe2 a6 18. Kh1 Nf6 19. Rfe1 Nxd5 20. Qd2 Nb4 21. Bb1 Rcd8 22. a3 Nc6 23. Rcd1 a5 24. Qf4 Qc7 25. h4 Nd4 26. Nxd4 Bxd4 27. h5 Re5 28. hxg6 fxg6 29. g4 Rf8 30. Qh6 Rxf2 31. Rf1 Qf7 32. Rxf2 Qxf2 33. Qh2 Qf3+ 34. Qg2 Qxd1+ 0-1

[Event "PUR-ch"]
[Site "San Juan"]
[Date "2022.04.02"]
[Round "1"]
[White "Rodriguez Santiago, Jaime"]
[Black "Sosa Trani, Luis"]
[Result "1-0"]
[WhiteElo "2052"]
[BlackElo "1902"]
[PlyCount "55"]
[EventDate "2022.04.02"]
[EventType "tourn"]
[EventRounds "9"]
[EventCountry "PUR"]
[SourceTitle "CBM 207 Extra"]
[Source "ChessBase"]
[SourceDate "2022.05.31"]
[SourceVersion "1"]
[SourceVersionDate "2022.05.31"]
[SourceQuality "1"]

1. c4 c5 2. Nc3 Nc6 3. g3 g6 4. Bg2 Bg7 5. e4 e6 6. Nge2 Nge7 7. d3 d6 8. Rb1 0-0 9. 0-0 b6 10. Be3 Nd4 11. Qd2 Bb7 12. Bh6 Qd7 13. Bxg7 Kxg7 14. Nxd4 cxd4 15. Ne2 e5 16. b4 b5 17. Rfc1 bxc4 18. dxc4 f5 19. f3 fxe4 20. fxe4 Ng8 21. Nxd4 exd4 22. Qxd4+ Kh6 23. c5 Nf6 24. cxd6 Ne8 25. e5 Bxg2 26. Kxg2 Rd8 27. Rd1 Qe6 28. Qh4+ 1-0

[Event "Olympiad-43"]
[Site "Batumi"]
[Date "2018.10.01"]
[Round "7.74"]
[White "Rocha, Maximiliano"]
[Black "Sosa Trani, Luis"]
[Result "1-0"]
[WhiteElo "2185"]
[BlackElo "2054"]
[PlyCount "39"]
[EventDate "2018.09.24"]
[EventType "team-swiss"]
[EventRounds "11"]
[EventCountry "GEO"]
[SourceTitle "CBM 187"]
[Source "ChessBase"]
[SourceDate "2018.12.11"]
[SourceVersion "1"]
[SourceVersionDate "2018.12.11"]
[SourceQuality "1"]
[WhiteTeam "Nicaragua"]
[BlackTeam "Puerto Rico"]
[WhiteTeamCountry "NCA"]
[BlackTeamCountry "PUR"]

1. e4 c5 2. Nf3 g6 3. Bc4 Bg7 4. 0-0 e6 5. d4 cxd4 6. Nxd4 a6 7. Bb3 Nc6 8. Be3 Nge7 9. Nc3 0-0 10. Nde2 d6 11. Qd2 Na5 12. Rad1 Nxb3 13. axb3 d5 14. exd5 exd5 15. Nf4 Bf5 16. Nfxd5 Nxd5 17. Nxd5 Rc8 18. Qb4 a5 19. Qa3 Re8 20. Nb6 1-0

[Event "Olympiad-43"]
[Site "Batumi"]
[Date "2018.09.28"]
[Round "5.50"]
[White "Sosa Trani, Luis"]
[Black "Pasko, Llambi"]
[Result "0-1"]
[WhiteElo "2054"]
[BlackElo "2386"]
[PlyCount "42"]
[EventDate "2018.09.24"]
[EventType "team-swiss"]
[EventRounds "11"]
[EventCountry "GEO"]
[SourceTitle "CBM 187"]
[Source "ChessBase"]
[SourceDate "2018.12.11"]
[SourceVersion "1"]
[SourceVersionDate "2018.12.11"]
[SourceQuality "1"]
[WhiteTeam "Puerto Rico"]
[BlackTeam "Albania"]
[WhiteTeamCountry "PUR"]
[BlackTeamCountry "ALB"]

1. e4 c6 2. d4 d5 3. exd5 cxd5 4. c4 Nf6 5. Nc3 g6 6. cxd5 Bg7 7. Bb5+ Bd7 8. Bc4 0-0 9. Nge2 b5 10. Bb3 b4 11. Na4 Bb5 12. Be3 Nxd5 13. 0-0 Nc6 14. Rc1 Nxe3 15. fxe3 Na5 16. Rc5 Rb8 17. Qd2 Qd7 18. Qc2 Nxb3 19. axb3 Qe6 20. Rf3 Bxe2 21. d5 Qa6 0-1

[Event "Olympiad-42"]
[Site "Baku"]
[Date "2016.09.13"]
[Round "11.3"]
[White "Sosa Trani, Luis"]
[Black "Sikivou, Taione"]
[Result "1/2-1/2"]
[WhiteElo "2051"]
[BlackElo "1812"]
[PlyCount "61"]
[EventDate "2016.09.02"]
[EventType "team-swiss"]
[EventRounds "11"]
[EventCountry "AZE"]
[SourceTitle "CBM 175"]
[Source "ChessBase"]
[SourceDate "2016.11.10"]
[SourceVersion "1"]
[SourceVersionDate "2016.11.10"]
[SourceQuality "1"]
[WhiteTeam "Puerto Rico"]
[BlackTeam "Fiji"]
[WhiteTeamCountry "PUR"]
[BlackTeamCountry "FIJ"]

1. e4 c6 2. Nc3 d5 3. Nf3 Bg4 4. h3 Bxf3 5. gxf3 e6 6. d4 Nf6 7. Be3 Bb4 8. Bd3 Nbd7 9. Qd2 a6 10. a3 Qa5 11. 0-0 Be7 12. Nxd5 Qxd2 13. Nxf6+ Bxf6 14. Bxd2 Bxd4 15. c3 Bc5 16. b4 Bb6 17. Rfd1 Rd8 18. f4 0-0 19. Bc2 Nf6 20. Kg2 Rd7 21. Kf3 Rfd8 22. Be1 Rxd1 23. Rxd1 Rxd1 24. Bxd1 Kf8 25. c4 Nd7 26. Bc3 f5 27. exf5 exf5 28. Bc2 g6 29. a4 Bd8 30. Bd4 Be7 31. Bc3 1/2-1/2

[Event "Olympiad-42"]
[Site "Baku"]
[Date "2016.09.05"]
[Round "4.3"]
[White "Mooney, Graham"]
[Black "Sosa Trani, Luis"]
[Result "0-1"]
[WhiteElo "1840"]
[BlackElo "2051"]
[PlyCount "102"]
[EventDate "2016.09.02"]
[EventType "team-swiss"]
[EventRounds "11"]
[EventCountry "AZE"]
[SourceTitle "CBM 175"]
[Source "ChessBase"]
[SourceDate "2016.11.10"]
[SourceVersion "1"]
[SourceVersionDate "2016.11.10"]
[SourceQuality "1"]
[WhiteTeam "Jersey"]
[BlackTeam "Puerto Rico"]
[WhiteTeamCountry "GCI"]
[BlackTeamCountry "PUR"]

1. e4 c5 2. Nf3 g6 3. d4 cxd4 4. Nxd4 Nc6 5. Nc3 Bg7 6. Be3 Nf6 7. Nxc6 bxc6 8. e5 Ng8 9. f4 Nh6 10. Be2 0-0 11. 0-0 d6 12. exd6 exd6 13. Bd4 Bxd4+ 14. Qxd4 Nf5 15. Qf2 Qb6 16. Qxb6 axb6 17. Bd3 d5 18. Rfe1 Be6 19. a3 Rfd8 20. Bxf5 Bxf5 21. Rac1 Kf8 22. Kf2 Re8 23. Rxe8+ Kxe8 24. g3 Kd7 25. Ke3 Kd6 26. Kd2 h5 27. Re1 h4 28. Ne2 Rh8 29. Nd4 Bd7 30. Ne2 hxg3 31. hxg3 Rh2 32. Ke3 c5 33. Kf3 d4 34. g4 Rh3+ 35. Kg2 Re3 36. g5 Bf5 37. Kf2 Bxc2 38. Ng3 Rb3 39. Re2 Bd3 40. Rd2 Kd5 41. a4 Ba6 42. f5 Re3 43. Rc2 gxf5 44. Nxf5 Bd3 45. Rxc5+ Kxc5 46. Nxe3 dxe3+ 47. Kxe3 Bc2 48. a5 bxa5 49. Kd2 Bb3 50. Kc3 a4 51. Kd3 Kd5 0-1

[Event "Olympiad-42"]
[Site "Baku"]
[Date "2016.09.03"]
[Round "2.2"]
[White "Sosa Trani, Luis"]
[Black "Numatsi, Yawotsu Dzigba"]
[Result "1-0"]
[WhiteElo "2051"]
[BlackElo "1677"]
[PlyCount "81"]
[EventDate "2016.09.02"]
[EventType "team-swiss"]
[EventRounds "11"]
[EventCountry "AZE"]
[SourceTitle "CBM 175"]
[Source "ChessBase"]
[SourceDate "2016.11.10"]
[SourceVersion "1"]
[SourceVersionDate "2016.11.10"]
[SourceQuality "1"]
[WhiteTeam "Puerto Rico"]
[BlackTeam "Togo"]
[WhiteTeamCountry "PUR"]
[BlackTeamCountry "TOG"]

1. e4 g6 2. d4 Bg7 3. Nc3 d6 4. Be3 Nf6 5. Qd2 a6 6. Nf3 0-0 7. Bd3 Nc6 8. d5 Nb8 9. Bh6 Ng4 10. Bxg7 Kxg7 11. h3 Nf6 12. 0-0 Nbd7 13. Rfe1 Nc5 14. Bf1 e5 15. dxe6 Bxe6 16. Rad1 Re8 17. Qd4 Kg8 18. e5 Nh5 19. exd6 cxd6 20. Qxd6 Qxd6 21. Rxd6 Re7 22. b4 Nd7 23. Nd5 Ree8 24. Nc7 Nf8 25. Nxe8 Rxe8 26. Nd4 Ng7 27. Nxe6 Rxe6 28. Rexe6 Ngxe6 29. Bc4 Kg7 30. Bxe6 Nxe6 31. Rd7 b6 32. Rd6 b5 33. Rxa6 Nd4 34. Rb6 Kf8 35. Kf1 Ke8 36. c3 Ne6 37. Rxb5 Kd7 38. Rb7+ Nc7 39. Ke2 Kc8 40. Rxc7+ Kxc7 41. Kd3 1-0

[Event "PUR-ch"]
[Site "San Juan"]
[Date "2016.04.11"]
[Round "11"]
[White "Sosa Trani, Luis"]
[Black "Machin Rivera, Mark"]
[Result "1/2-1/2"]
[WhiteElo "2049"]
[BlackElo "2347"]
[PlyCount "104"]
[EventDate "2016.04.01"]
[EventType "tourn"]
[EventRounds "11"]
[EventCountry "PUR"]
[SourceTitle "CBM 171 Extra"]
[Source "ChessBase"]
[SourceDate "2016.04.26"]
[SourceVersion "1"]
[SourceVersionDate "2016.04.26"]
[SourceQuality "1"]

1. e4 g6 2. d4 Bg7 3. Nc3 d6 4. Be3 a6 5. Qd2 Nd7 6. Nf3 b5 7. d5 Ngf6 8. a3 Bb7 9. Bh6 Bxh6 10. Qxh6 c6 11. dxc6 Bxc6 12. Bd3 Qb6 13. 0-0 Ne5 14. Nxe5 dxe5 15. Qg5 Qc7 16. Qh6 Qb7 17. Rfe1 Qa7 18. Qg5 0-0 19. Nd5 Nxd5 20. exd5 Bxd5 21. Qxe5 e6 22. Be4 f6 23. Qf4 Bxe4 24. Qxe4 e5 25. Rad1 Rad8 26. Qc6 Kg7 27. Rd6 Rxd6 28. Qxd6 Rf7 29. Rd1 Qc7 30. c3 Qc4 31. h3 a5 32. Rd5 Qe2 33. Rd2 Qe4 34. Qd8 a4 35. Qd5 Qxd5 36. Rxd5 Rb7 37. Kf1 Kf7 38. Ke2 Ke6 39. Rd8 f5 40. h4 Rb6 41. g3 h6 42. Ke3 Rb7 43. Rg8 Kf7 44. Rh8 Rb6 45. Rh7+ Kf6 46. h5 Kg5 47. hxg6 Kxg6 48. Re7 Kf6 49. Rh7 Kg5 50. Rg7+ Kf6 51. Rh7 Kg6 52. Re7 Kf6 1/2-1/2

[Event "PUR-ch"]
[Site "Bayamon"]
[Date "2015.10.09"]
[Round "1"]
[White "Sosa Trani, Luis"]
[Black "Velazquez Hernandez, Yan C"]
[Result "1-0"]
[WhiteElo "2060"]
[BlackElo "1680"]
[PlyCount "77"]
[EventDate "2015.10.09"]
[EventType "swiss"]
[EventRounds "9"]
[EventCountry "PUR"]
[SourceTitle "EXT 2017"]
[Source "ChessBase"]
[SourceDate "2016.10.25"]
[SourceVersion "1"]
[SourceVersionDate "2016.10.25"]
[SourceQuality "1"]

1. e4 c5 2. Nf3 e6 3. d4 cxd4 4. Nxd4 a6 5. Bd3 Qc7 6. 0-0 Nc6 7. Nxc6 Qxc6 8. Qe2 d6 9. a4 b6 10. Nc3 Be7 11. f4 Bb7 12. f5 Nf6 13. a5 bxa5 14. fxe6 fxe6 15. Bc4 d5 16. exd5 exd5 17. Bb3 0-0 18. Qxe7 Rae8 19. Rxf6 Rxe7 20. Bxd5+ Qxd5 21. Nxd5 Bxd5 22. Rxf8+ Kxf8 23. Kf2 Bc4 24. Be3 Rf7+ 25. Kg3 Rb7 26. b3 Bb5 27. Rxa5 Kf7 28. Bd4 Rd7 29. c3 g6 30. Kf4 Rd5 31. Ke3 Rd6 32. c4 Re6+ 33. Kd2 Bd7 34. Be5 Rb6 35. Kc3 Bc6 36. g3 Bb7 37. Ra2 Ke6 38. Re2 Kf5 39. Bd4 1-0

[Event "PUR-ch"]
[Site "Caguas"]
[Date "2008.07.20"]
[Round "6"]
[White "Sosa Trani, Luis"]
[Black "Santana Alvarado, Miguel"]
[Result "0-1"]
[WhiteElo "2127"]
[BlackElo "2136"]
[PlyCount "44"]
[EventDate "2008.07.11"]
[EventType "tourn"]
[EventRounds "11"]
[EventCountry "PUR"]
[SourceTitle "EXT 2009"]
[Source "ChessBase"]
[SourceDate "2008.11.26"]
[SourceVersion "1"]
[SourceVersionDate "2008.11.26"]
[SourceQuality "1"]

1. e4 Nf6 2. Nc3 d5 3. e5 d4 4. exf6 dxc3 5. fxg7 cxd2+ 6. Bxd2 Bxg7 7. Qf3 Bxb2 8. Rd1 Qd6 9. Bc4 Bf6 10. Ne2 Nc6 11. Qb3 e6 12. 0-0 Qe7 13. Ng3 Bd7 14. Qxb7 Rb8 15. Qa6 Rb6 16. Qa4 Ne5 17. Qxa7 Nxc4 18. Ne4 Bc6 19. Nxf6+ Qxf6 20. Qxc7 0-0 21. Bf4 e5 22. Bg3 Rb7 0-1

[Event "Olympiad-34"]
[Site "Istanbul"]
[Date "2000.11.12"]
[Round "14.1"]
[White "Gonzalez Acosta, Bernal Manuel"]
[Black "Sosa Trani, Luis"]
[Result "1-0"]
[WhiteElo "2428"]
[BlackElo "2166"]
[PlyCount "75"]
[EventDate "2000.10.28"]
[EventType "team-swiss"]
[EventRounds "14"]
[EventCountry "TUR"]
[SourceTitle "EXT 2001"]
[Source "ChessBase"]
[SourceDate "2000.11.22"]
[SourceVersion "1"]
[SourceVersionDate "2000.11.22"]
[SourceQuality "1"]
[WhiteTeam "Costa Rica"]
[BlackTeam "Puerto Rico"]
[WhiteTeamCountry "CRI"]
[BlackTeamCountry "PUR"]

1. f4 d5 2. Nf3 Nf6 3. g3 g6 4. Bg2 Bg7 5. d3 c5 6. 0-0 0-0 7. Nc3 d4 8. Ne4 Nxe4 9. dxe4 Nc6 10. e5 Qc7 11. e4 dxe3 12. Bxe3 b6 13. Qe2 a5 14. Rfe1 Ba6 15. Qf2 Rad8 16. h4 Bc8 17. h5 gxh5 18. Nh4 Nd4 19. Be4 f5 20. Bg2 Bb7 21. Bxd4 Rxd4 22. Bxb7 Qxb7 23. Rad1 Qd5 24. Rxd4 cxd4 25. Rd1 e6 26. Qxd4 Qxd4+ 27. Rxd4 Rc8 28. c3 Bf8 29. Kg2 Bc5 30. Rd7 Be3 31. Re7 Rc6 32. Nf3 h6 33. Kh3 b5 34. Rb7 b4 35. cxb4 axb4 36. Rxb4 Rc2 37. Rb3 Bc1 38. Rc3 1-0

[Event "Olympiad-34"]
[Site "Istanbul"]
[Date "2000.11.01"]
[Round "5.1"]
[White "David, Alberto"]
[Black "Sosa Trani, Luis"]
[Result "1-0"]
[WhiteElo "2487"]
[BlackElo "2166"]
[PlyCount "65"]
[EventDate "2000.10.28"]
[EventType "team-swiss"]
[EventRounds "14"]
[EventCountry "TUR"]
[SourceTitle "EXT 2001"]
[Source "ChessBase"]
[SourceDate "2000.11.22"]
[SourceVersion "1"]
[SourceVersionDate "2000.11.22"]
[SourceQuality "1"]
[WhiteTeam "Luxembourg"]
[BlackTeam "Puerto Rico"]
[WhiteTeamCountry "LUX"]
[BlackTeamCountry "PUR"]

1. e4 d5 2. exd5 Nf6 3. Nf3 Qxd5 4. Nc3 Qa5 5. d4 Bg4 6. h3 Bh5 7. g4 Bg6 8. Ne5 Nbd7 9. Nc4 Qa6 10. Bf4 Qe6+ 11. Ne3 c6 12. Bc4 Nd5 13. Ncxd5 cxd5 14. Bxd5 Qa6 15. Qe2 Qxe2+ 16. Kxe2 0-0-0 17. Rhd1 e6 18. Bf3 f6 19. Rac1 Nb8 20. c4 Bd6 21. Bxd6 Rxd6 22. c5 Rd7 23. Nc4 Nc6 24. Nd6+ Kb8 25. Rc3 e5 26. Bxc6 bxc6 27. dxe5 fxe5 28. Re3 Re7 29. f4 Bf7 30. Rxe5 Rxe5+ 31. fxe5 Bxa2 32. b3 Ka8 33. e6 1-0

[Event "Olympiad-34"]
[Site "Istanbul"]
[Date "2000.10.28"]
[Round "1.1"]
[White "Hansen, Curt"]
[Black "Sosa Trani, Luis"]
[Result "1/2-1/2"]
[WhiteElo "2613"]
[BlackElo "2166"]
[PlyCount "82"]
[EventDate "2000.10.28"]
[EventType "team-swiss"]
[EventRounds "14"]
[EventCountry "TUR"]
[SourceTitle "EXT 2001"]
[Source "ChessBase"]
[SourceDate "2000.11.22"]
[SourceVersion "1"]
[SourceVersionDate "2000.11.22"]
[SourceQuality "1"]
[WhiteTeam "Denmark"]
[BlackTeam "Puerto Rico"]
[WhiteTeamCountry "DEN"]
[BlackTeamCountry "PUR"]

1. c4 e5 2. Nc3 Bb4 3. Nd5 Ba5 4. b4 c6 5. bxa5 cxd5 6. cxd5 Qxa5 7. e4 Nf6 8. f3 Na6 9. Ne2 Nc5 10. Nc3 0-0 11. a4 a6 12. Ba3 d6 13. Be2 Nh5 14. 0-0 Nf4 15. Kh1 f5 16. Bc4 fxe4 17. Nxe4 Nxe4 18. fxe4 Qc7 19. d3 h5 20. Rb1 b5 21. Bb3 Bg4 22. Qd2 Qe7 23. d4 Ng6 24. h3 Bd7 25. axb5 Bxb5 26. Rf5 exd4 27. Qxd4 Rxf5 28. exf5 Ne5 29. Bd1 Nc4 30. Bb4 Qg5 31. Rb3 Re8 32. Qf2 Qc1 33. Qg1 Nd2 34. Ra3 Ne4 35. f6 Qxd1 36. f7+ Kxf7 37. Rf3+ Qxf3 38. gxf3 Nf6 39. Bxd6 Nxd5 40. Qg5 Nf6 41. Be5 Re6 1/2-1/2

[Event "Valencia Sub zt 2.3.5"]
[Site "Valencia"]
[Date "2000.??.??"]
[Round "1"]
[White "Ordonez, Francisco"]
[Black "Sosa Trani, Luis"]
[Result "1/2-1/2"]
[WhiteElo "2295"]
[BlackElo "2166"]
[PlyCount "22"]
[EventDate "2000.08.13"]
[EventType "swiss"]
[EventRounds "9"]
[EventCountry "VEN"]
[SourceTitle "EXT 2001"]
[Source "ChessBase"]
[SourceDate "2000.11.22"]
[SourceVersion "1"]
[SourceVersionDate "2000.11.22"]
[SourceQuality "1"]

1. d4 Nf6 2. c4 c5 3. e3 cxd4 4. exd4 d5 5. Nc3 Nc6 6. Nf3 Bg4 7. cxd5 Nxd5 8. Be2 e6 9. h3 Bh5 10. Qb3 Qb6 11. Qxb6 Nxb6 1/2-1/2

[Event "Valencia Sub zt 2.3.5"]
[Site "Valencia"]
[Date "2000.??.??"]
[Round "2"]
[White "Sosa Trani, Luis"]
[Black "Pazos Gambarrotti, Plinio Efrain"]
[Result "1/2-1/2"]
[WhiteElo "2166"]
[BlackElo "2363"]
[PlyCount "76"]
[EventDate "2000.08.13"]
[EventType "swiss"]
[EventRounds "9"]
[EventCountry "VEN"]
[SourceTitle "EXT 2001"]
[Source "ChessBase"]
[SourceDate "2000.11.22"]
[SourceVersion "1"]
[SourceVersionDate "2000.11.22"]
[SourceQuality "1"]

1. d4 Nf6 2. Bg5 d5 3. Bxf6 exf6 4. e3 g6 5. c4 c6 6. Nc3 dxc4 7. Bxc4 Bg7 8. h4 h5 9. Nh3 f5 10. Nf4 Bh6 11. Qf3 Qd6 12. Rd1 Nd7 13. 0-0 0-0 14. Qg3 Nb6 15. Bb3 Bxf4 16. exf4 Be6 17. Bxe6 Qxe6 18. Rfe1 Qf6 19. Qg5 Qxg5 20. fxg5 Rfe8 21. Rxe8+ Rxe8 22. d5 cxd5 23. Nxd5 Nxd5 24. Rxd5 Re1+ 25. Kh2 Re2 26. Rb5 b6 27. Kg3 Re4 28. Rd5 Re2 29. Rb5 Kf8 30. a4 Re6 31. a5 Ke7 32. axb6 axb6 33. Rb3 Kd7 34. Kf3 Re4 35. g3 Kc6 36. Rc3+ Kd6 37. Rd3+ Kc6 38. Rc3+ Kd6 1/2-1/2